Mademoiselle Merquem, (Record no. 22591)

MARC details
000 -LEADER
fixed length control field 00595cam a22002171 4500
001 - CONTROL NUMBER
control field f 01001526
003 - CONTROL NUMBER IDENTIFIER
control field DLC
005 - DATE AND TIME OF LATEST TRANSACTION
control field 20260227111240.0
008 - FIXED-LENGTH DATA ELEMENTS--GENERAL INFORMATION
fixed length control field 830513s1888 fr 000 1 fre
010 ## - LIBRARY OF CONGRESS CONTROL NUMBER
LC control number f 01001526
035 ## - SYSTEM CONTROL NUMBER
System control number (OCoLC)9508927
040 ## - CATALOGING SOURCE
Original cataloging agency DLC
Transcribing agency MH
Modifying agency MH
-- DLC
042 ## - AUTHENTICATION CODE
Authentication code premarc
050 00 - LIBRARY OF CONGRESS CALL NUMBER
Classification number PQ2407
Item number .M4 1888
100 1# - MAIN ENTRY--PERSONAL NAME
Personal name Sand, George,
Dates associated with a name 1804-1876.
245 10 - TITLE STATEMENT
Title Mademoiselle Merquem,
Statement of responsibility, etc. par George Sand.
250 ## - EDITION STATEMENT
Edition statement Nouv. éd.
260 ## - PUBLICATION, DISTRIBUTION, ETC.
Place of publication, distribution, etc. Paris,
Name of publisher, distributor, etc. Calmann Lévy,
Date of publication, distribution, etc. 1888.
300 ## - PHYSICAL DESCRIPTION
Extent 3 p. l., [3]-309 p.
Dimensions 19 cm.
500 ## - GENERAL NOTE
General note Half-title: Œuvres de George Sand.

No items available.

Powered by Koha